| 000 | 00918cab a2200217 4500 | ||
|---|---|---|---|
| 001 | L136644 | ||
| 008 | 070213n2007 000 0 eng u | ||
| 035 | _a(Sirsi) u136644 | ||
| 041 | 0 | _aeng | |
| 100 | 1 | _aNeale, Jon | |
| 245 | 0 | 0 | _aEG residential |
| 260 | _c2007 | ||
| 490 | 0 | 0 |
_aEstates Gazette _v(0706) 10 February 2007, 87-113(17) |
| 520 | _aProfiles some of the world's top residential destinations. Asks whether 2007 will be a popular year for residential funds. Looks at how one developer plans to build 10 000 affordable homes in England and Wales by 2009. Examines part-exhange and how it works. Looks at investment seminars and property clubs and investigates how they are planning to improve their image. | ||
| 590 | _aKA | ||
| 651 | 4 | _aInternational | |
| 690 | _aPROPERTY-RESIDENTIAL PROPERTY-RESIDENTIAL PROPERTY MARKET | ||
| 700 | 1 | _aNorton, Graham | |
| 700 | 1 | _aNorwood, Graham | |
| 942 | _n0 | ||
| 999 |
_c78388 _d78388 |
||